000 00346nam a2200157Ia 4500
008 230917s9999||||xx |||||||||||||| ||und||
020 _cRS110
040 _e949
_aMAIN
041 _aEnglish
082 _a796.076137 B469S
100 _aBhim
245 0 _aSecrets of health
260 _aDelhi
_bNirmal
_c1993
300 _a122 p.
942 _cBK
999 _c78695
_d78695